00713nam a2200217 a 450000100060000000300090000600800410001502000150005604000280007108200200009910000270011924500350014626000300018130000110021149000470022265000250026965000280029494200120032299900170033495201440035123211CO-ViMGA141112s2004 ck r 000 u spa d a9584209930 aCO-ViMGAbspacCO-ViMGA aU861.44 B252am11 aBenedetti, Mario9657310aEl Amor, las mujeres y la vida aColombia : bEspasa Calpe a192 p. aBiblioteca HispanoAméricana del siglo XX14aPOESIA AMOROSA9251014aPOESIA URUGUAYA 96574 2ddccBK c11632d11632 00102ddc40708001aMEVIGACOMbMEVIGACOMd2015-12-04h18/jun/2010l0oU861.44 B252am1 p23362r2015-12-04 00:00:00tEj. 1w2015-12-04yBK